Are We the Waiting / St Jimmy- Green Day - Statistics

General Stats
  • This quiz has been taken 24 times
    7 since last reset
  • The average score is 235 of 369
Answer Stats
Answer % Correct
I
100%
a
80%
A
80%
across
80%
alleyway
80%
an
80%
and
80%
And
80%
angel
80%
Are
80%
are
80%
are x2
80%
at
80%
comin'
80%
Comin'
80%
don't
80%
down
80%
down,
80%
dreams
80%
face
80%
for
80%
is
80%
it
80%
it,
80%
Jesus
80%
Jimmy
80%
life
80%
my
80%
My
80%
name
80%
of
80%
out
80%
saint
80%
Suburbia
80%
suicidal
80%
taste
80%
that
80%
the
80%
The
80%
waiting
80%
waiting x2
80%
was
80%
we?
80%
We
80%
wear
80%
about
60%
am
60%
better
60%
bitch
60%
city
60%
city-bounded
60%
comedy
60%
count
60%
denial
60%
Forget-me-nots,
60%
four)
60%
gun
60%
head
60%
I'm
60%
in
60%
In
60%
King
60%
Light
60%
lights
60%
little
60%
mama
60%
me
60%
me?
60%
nights,
60%
not
60%
on
60%
one,
60%
(One,
60%
one
60%
over
60%
parade
60%
second
60%
silhouette,
60%
so
60%
So
60%
son
60%
Starry
60%
St. Jimmy
60%
St. Jimmy,
60%
(St. Jimmy)
60%
St. Jimmy's
60%
story
60%
Suicide
60%
talked
60%
that's
60%
thoughts
60%
three,
60%
to
60%
tragedy
60%
two
60%
two,
60%
you
60%
your
60%
Allan
40%
assassin
40%
bag
40%
been
40%
before
40%
boulevard
40%
burnin'
40%
but
40%
Cigarettes
40%
club
40%
commando
40%
crime
40%
cry
40%
dope
40%
Edgar
40%
establishment
40%
executing
40%
fairy
40%
Forty
40%
found,
40%
found
40%
from
40%
fun
40%
give
40%
halo
40%
hate
40%
Heads
40%
here
40%
he's
40%
I'll
40%
isolation
40%
It's
40%
lie
40%
like
40%
live
40%
Lost
40%
lost
40%
love,
40%
mind
40%
mouth
40%
needle
40%
or
40%
outside
40%
patron
40%
Poe
40%
ramen
40%
really
40%
say
40%
screamin'
40%
shoot
40%
shut
40%
Skyscrapers,
40%
some
40%
somethin'
40%
stargazers
40%
tails,
40%
tales
40%
talkin'
40%
teenage
40%
Thieves
40%
This
40%
told
40%
unknown
40%
unknown x2
40%
Up
40%
vein
40%
victimized
40%
war
40%
way
40%
Welcome
40%
we've
40%
With
40%
zip
40%
blood
20%
cult
20%
dirty
20%
fear
20%
insubordinate
20%
leader
20%
now
20%
Product
20%
rage
20%
Raised
20%
resident
20%
ol'boy
0%
repsent
0%
Shh x3
0%
song
0%
No matching quizzes found
Score Distribution
Percent of People with Each Score
Percentile by Number Answered
Your Score History
You have not taken this quiz since the last reset